| 000 | 01458nam a2200265Ia 4500 | ||
|---|---|---|---|
| 999 |
_c55196 _d55196 |
||
| 001 | 22271 | ||
| 003 | GE_BSU | ||
| 005 | 20230223124617.0 | ||
| 008 | 181216s2016||||ge |||||||||||||| ||geo|| | ||
| 020 | _a9789941135392 | ||
| 040 | _cGE_BSU | ||
| 041 | _ageo | ||
| 080 | _a81'374(038)=353.1'35 მ-30 | ||
| 245 |
_aმართლწერის ლექსიკონი მედიისათვის / _bრედაქტორი თამარ ვაშაკიძე ; ლექსიკონზე მუშაობდნენ : თამარ ვაშაკიძე, თეა ბურჭულაძე, მაკა ლაბარტყავა და სხვები. |
||
| 264 |
_aთბილისი : _bთბილ. უნ-ტის გამ-ბა, _c2016. |
||
| 300 |
_a557 გვ. ; _c21სმ. |
||
| 500 | _aპარალელური სათაური ინგლისურ ენაზე | ||
| 541 | _h11 ლ. | ||
| 653 | _aმართლწერის ლექსიკონი მედიისათვის | ||
| 653 | _aმედია | ||
| 653 | _aჟურნალისტიკა | ||
| 700 |
_aვაშაკიძე, თამარ _eრედაქტორი _917013 |
||
| 710 |
_aთსუ _bარნოლდ ჩიქობავას სახელობის ენათმეცნიერების ინსტიტუტი _916724 |
||
| 942 |
_cBK _2udc |
||